| 000 | 00917nam a2200229Ia 4500 | ||
|---|---|---|---|
| 001 | 15797 | ||
| 003 | GE_BSU | ||
| 008 | 181216s||||||||xx |||||||||||||| ||und|| | ||
| 040 | _cGE_BSU | ||
| 080 | _a821.353.1+821.353.1-31+821.353.1-11 | ||
| 100 | _aჭილაძე, ო. (ოთარ, 1933-2009) | ||
| 245 | _aრჩეული თხზულებანი 3 ტომად.ტ. 1 | ||
| 245 | _bრომანი ლექსები პოემები | ||
| 245 | _cრედ.ნ.ინასარიძე. მხატვ.ჯ.ყაველაშვილი | ||
| 260 | _aთბილისი | ||
| 260 | _bსაბჭ. საქართველო | ||
| 260 | _c1986 | ||
| 300 | _a599 გვ. : 1 ფ. პორტრ.21 სმ | ||
| 653 | _aრომანი ლექსები პოემები | ||
| 653 | _aრჩეული თხზულებანი | ||
| 942 | _cBK | ||
| 999 |
_c48894 _d48894 |
||